000 00987nam a2200301 4500
003 EG-GICUC
005 20260121101444.0
008 251209s1953 it ||||fr|||| 00| 0 ita d
040 _a EG-GICUC
_bita
_c EG-GICUC
_d EG-GICUC
_erda
041 0 _aita
082 0 4 _221
_a341.22
_bAG .C
092 0 4 _221
099 _aLaw1 11 341.22 AG .C 1953
100 1 _aAgo,Roberto
_eAuthor.
245 1 0 _aComunicazioni E Studi.
_hVolume Quinto .
_cRoberto Ago .
264 1 _aMilano :
_bIstituto Di Diritto Internazionale E Straniero Della Università Di Milano,
_c1953.
300 _a669 Pages;
_c24 cm.
336 _2rda content
_atext
337 _2rda media
_aComputer
338 _2rda carrier
_aOnline Resource
546 _a Text in Italian
650 1 _aDiritto internazionale pubblico
700 1 _aMario Giuliano
_eContributor
700 1 _aPiero Ziccardi
_eContributor
856 4 0 _uhttps://fll.law.cu.edu.eg/fulltext/bks/B11-06139.pdf
905 _a59
942 _2ddc
_n0
_cBK
_e21
999 _c49271
_d49271